| 000 | 00642cam a2200193 i 4500 | ||
|---|---|---|---|
| 005 | 20260120094216.0 | ||
| 008 | 250721s2020 jo gr 000 0 ara d | ||
| 020 | _a9789957228231 | ||
| 082 | 1 | 4 |
_a302.2 _bش ق ر |
| 100 | 1 |
_aشقرة، علي خليل _eمؤلف. |
|
| 245 | 1 | 2 |
_aالإعلام وغسيل الدماغ / _cتأليف علي خليل شقرة. |
| 250 | _aالطبعة الأولى. | ||
| 264 | 3 | 1 |
_aعمان : _bدار اسامة، _c2020. |
| 300 | _a176 صفحة. | ||
| 650 | 1 | 7 | _aوسائل الاتصال الجماهيري. |
| 650 | 1 | 7 | _aالاعلام. |
| 942 |
_2ddc _cBK |
||
| 999 |
_c142036 _d142036 |
||